| Tag |
First Indicator |
Second Indicator |
Subfields |
| LEADER |
00000cam a2200000 a 4500 |
| 001 |
in00000843821 |
| 005 |
20151019053516.0 |
| 008 |
840111s1983 dcua tb f00010 eng d |
| 010 |
|
|
|a gp 84008040
|
| 035 |
|
|
|a (OCoLC)10309453
|
| 035 |
|
|
|9 AEA3957AM
|
| 040 |
|
|
|a GPO
|c GPO
|d UtOrBLW
|
| 074 |
|
|
|a 274-D (microfiche)
|
| 086 |
0 |
|
|a C 13.58:83-2725
|
| 100 |
1 |
|
|a Rafelski, Johann.
|
| 245 |
1 |
0 |
|a Perspectives in high energy nuclear collisions /
|c Johann Rafelski, Michael Danos.
|
| 264 |
|
1 |
|a Washington, DC :
|b U.S. Dept. of Commerce, National Bureau of Standards ;
|c 1983.
|
| 264 |
|
2 |
|a [Springfield, Va.] :
|b [National Technical Information Service, distributor],
|
| 300 |
|
|
|a 80 pages :
|b illustrations ;
|c 28 cm.
|
| 336 |
|
|
|a text
|b txt
|2 rdacontent
|
| 337 |
|
|
|a unmediated
|b n
|2 rdamedia
|
| 338 |
|
|
|a volume
|b nc
|2 rdacarrier
|
| 490 |
1 |
|
|a NBSIR ;
|v 83-2725
|
| 500 |
|
|
|a Distributed to depository libraries in microfiche.
|
| 500 |
|
|
|a "June 1983."
|
| 504 |
|
|
|a Includes bibliographical references.
|
| 650 |
|
0 |
|a Collisions (Nuclear physics)
|
| 650 |
|
0 |
|a Hadron interactions.
|
| 650 |
|
0 |
|a Quarks.
|
| 700 |
1 |
|
|a Danos, Michael.
|
| 710 |
1 |
|
|a United States.
|b National Bureau of Standards.
|
| 830 |
|
0 |
|a NBSIR ;
|v 83-2725.
|
| 999 |
|
|
|a MARS
|
| 999 |
f |
f |
|s f0d2bf66-678d-355f-ae15-2e24343714ca
|i 62737a94-da7d-3ca7-81f7-a0bd80d167b6
|t 0
|
| 952 |
f |
f |
|p normal
|a Texas A&M University
|b College Station
|c Sterling C. Evans Library
|d Evans: US Documents (Annex 5th floor)
|t 0
|e C 13.58:83-2725
|h Superintendent of Documents classification
|i unmediated -- volume
|m A14829515566
|
| 998 |
f |
f |
|a C 13.58:83-2725
|t 0
|l Evans: US Documents (Annex 5th floor)
|